000 00305nam a2200109Ia 4500
005 20251222143319.0
008 251222s9999||||xx |||||||||||||| ||spa||
082 _a378.155/U61
245 0 _aLa Oferta de Títulos Propios de las Universidades:
264 _bUnibertsitateen Gizarte Elkargunea
942 _cLIB
999 _c16005
_d16005